| 000 | 00779nam a22002535i 4500 | ||
|---|---|---|---|
| 001 | 177698 | ||
| 003 | ES-MaACL | ||
| 005 | 20250901050851.0 | ||
| 008 | 110412s2001 sp |||| | spa d | ||
| 020 | _a84-88217-17-X | ||
| 080 | _a821.134.2-23"19" | ||
| 100 | 1 |
_aFalcón, Lidia, _d1935- _948707 |
|
| 245 | 1 | 0 |
_aTres obras de teatro / _cLidia Falcón. |
| 250 | _a1ª ed. | ||
| 260 |
_aMadrid : _bVindicación feminista, _c2001. |
||
| 300 |
_a167 p. ; _c20 cm. |
||
| 505 | 8 | _aContiene: La hora más oscura ; Emma ; Atardeceres | |
| 710 | 2 |
_aVindicación Feminista _9170615 |
|
| 740 | 3 | 2 | _aLa hora más oscura. |
| 740 | 0 | 2 | _aEmma. |
| 740 | 0 | 2 | _aAtardeceres. |
| 852 |
_aES-MaACL _jE-14892 _z.- Dedicatoria autógrafa de la autora |
||
| 999 |
_c177698 _d177698 |
||